000 00765nam a2200253Ia 4500
003 OSt
005 20220923211449.0
006 a|||||r|||| 00| 0
007 ta
008 Pun
020 _a9789350684009 (hbk)
_c200
024 _a282,343
037 _b861, 12/08/2014, H.K. Prakashan
_cTextual
040 _aARTS
_cARTS
_bPun
041 _2Pun
_aPun
082 _aO153,1NKA5x, Q3
100 _aਦਲਵੀਰ ਕੌਰ
245 0 _aਹਾਸਿਲ
260 _aਚੰਡੀਗੜ
_b ਲੋਕਗੀਤ ਪ੍ਰਕਾFਨ
_c2013
300 _a104ਪੰ
_ccm.
650 _aਪੰਜਾਬੀ ਸਾਹਿਤ
942 _hO153,1NKA5x, Q3
_cTEXL
_2CC
999 _c299775
_d299775